000 00469nam a2200193Ia 4500
005 20250326141407.0
008 250326s9999 xx 000 0 und d
037 _aTextbook
040 _aFMSL
_beng
_cFMSL
041 _aeng
_2eng
084 _qFMSL
100 _aRBI
_9242664
245 0 _aReport on currency and fice 1990-91
_cRBI
260 _aBombay
_bBombay, RBI
_c1991
300 _a490p
490 _vVol I
942 _cTB
999 _c1290097
_d1290097